Recopilación de reglamentos con índices por ministerios y materias. Se incluyen además los decretos que fijan el texto refundido o definitivo de leyes o decretos orgánicos, como también todos los decretos supremos de interés general y permanente

Furkejuvvon:
Bibliográfalaš dieđut
Searvvušdahkki: Contraloría General de la República (Dahkki)
Materiálatiipa: Girji
Giella:espánnjágiella
Almmustuhtton: Santiago Contraloría General de la República 1950
Fáttát:
Fáddágilkorat: Lasit fáddágilkoriid
Eai fáddágilkorat, Lasit vuosttaš fáddágilkora!

MARC

LEADER 00000nam a2200000 a 4500
001 UCR0729
003 CL-VaPUC
008 971205e19500000CL |||||||||||||||||spa|d
082 0 4 |a 348.025  |b CON  |2 21 
110 2 |a Contraloría General de la República  |e author  |9 396932 
245 1 0 |a Recopilación de reglamentos con índices por ministerios y materias. Se incluyen además los decretos que fijan el texto refundido o definitivo de leyes o decretos orgánicos, como también todos los decretos supremos de interés general y permanente 
300 |a t 
942 |c BK 
945 |d 19971205 00:00:00  |a lriquelm 
260 |a Santiago  |b Contraloría General de la República  |c 1950 
500 |a Comprende el período que media entre el mes de agosto de 1949 y el mismo mes de 1950 
500 |a Donación profesor Fernando Recio Olguín 
650 7 |a LEGISLACION  |2 CL-VaPUC  |9 396933 
650 7 |a FUENTES  |2 CL-VaPUC  |9 255666 
650 7 |a DERECHO CHILENO  |2 CL-VaPUC  |9 396934 
650 7 |a DECRETOS SUPREMOS  |2 CL-VaPUC  |9 396008 
650 7 |a MINISTERIOS  |2 CL-VaPUC  |9 351934 
650 7 |a DECRETOS ORGANICOS  |2 CL-VaPUC  |9 396935 
650 7 |a TEXTOS REFUNDIDO  |2 CL-VaPUC  |9 396936 
651 7 |a CHILE  |2 CL-VaPUC  |9 396937 
583 |a last modification  |c 20140410 10:23:48  |k Rodrigo Vera 
999 |c 264228  |d 264226 
952 |0 0  |1 0  |4 0  |6 348_025000000000000_CON_1950  |7 0  |8 F  |9 294220  |a BIBDER  |b BIBDER  |d 2019-11-19  |h t.4  |i 1912828  |o 348.025 CON 1950  |p 1912828  |r 2023-01-25  |w 2019-11-19  |y BK_F  |k DER 
952 |0 0  |1 0  |4 0  |6 348_025000000000000_CON_1950  |7 0  |8 X  |9 294221  |a BIBHIS  |b BIBHIS  |d 2019-11-19  |h t.4  |i 2127911  |o 348.025 CON 1950  |p 2127911  |r 2024-01-30  |w 2019-11-19  |y BK_X  |k HIS